| 000 | 00486nam a2200193Ia 4500 | ||
|---|---|---|---|
| 005 | 20250603144913.0 | ||
| 008 | 250603s9999 xx 000 0 und d | ||
| 020 | _a9780702030680 | ||
| 050 | _aRG 112 .E87/ | ||
| 100 | _aEdited by Ian Symonds & Sabaratnam Arulkumaran | ||
| 245 | 0 | _aEssential obstetrics and gynaecology | |
| 250 | _a5th ed. | ||
| 260 | _aNew York | ||
| 260 | _bChurchill Livingstone | ||
| 260 | _c2013 | ||
| 300 | _a437 p | ||
| 650 | _aNew York | ||
| 942 | _cBK | ||
| 999 |
_c40294 _d40294 |
||